Letters to Timothy / (Record no. 4482)

MARC details
000 -LEADER
fixed length control field 00692cam a2200241 a 4500
001 - CONTROL NUMBER
control field 3719224
003 - CONTROL NUMBER IDENTIFIER
control field GBCCL
005 - DATE AND TIME OF LATEST TRANSACTION
control field 20241126110519.0
008 - FIXED-LENGTH DATA ELEMENTS--GENERAL INFORMATION
fixed length control field 810922s1981 mou 000 0 eng
010 ## -
-- 80082830
020 ## - INTERNATIONAL STANDARD BOOK NUMBER
International Standard Book Number 0882438778 (pbk.) :
Terms of availability $1.25
040 ## - CATALOGING SOURCE
Original cataloging agency DLC
Transcribing agency DLC
Modifying agency DLC
050 00 -
-- BS2745.3
-- .L43
082 00 - DEWEY DECIMAL CLASSIFICATION NUMBER
Classification number 227.8307
Edition information 19
Item number LEG
100 1# - MAIN ENTRY--PERSONAL NAME
Personal name Leggett, Gary.
9 (RLIN) 8353
245 10 - TITLE STATEMENT
Title Letters to Timothy /
Statement of responsibility, etc. Gary Leggett.
260 ## - PUBLICATION, DISTRIBUTION, ETC.
Place of publication, distribution, etc. Springfield, Mo. :
Name of publisher, distributor, etc. Gospel Pub. House,
Date of publication, distribution, etc. c1981.
300 ## - PHYSICAL DESCRIPTION
Extent 125 p. ;
Dimensions 18 cm.
490 0# - SERIES STATEMENT
Series statement Radiant books
630 00 - SUBJECT ADDED ENTRY--UNIFORM TITLE
Uniform title Bible.
Name of part/section of a work Timothy
General subdivision Commentaries.
9 (RLIN) 8354
906 ## - LOCAL DATA ELEMENT F, LDF (RLIN)
a 7
b cbc
c orignew
d 2
e opcn
f 19
g y-gencatlg
942 ## - ADDED ENTRY ELEMENTS (KOHA)
Source of classification or shelving scheme Dewey Decimal Classification
Koha item type Books
Koha issues (borrowed), all copies 4
Holdings
Withdrawn status Lost status Source of classification or shelving scheme Damaged status Not for loan Home library Current Library Shelving location Date acquired Total checkouts Full call number Barcode Date last seen Date last checked out Copy number Price effective from Koha item type
    Dewey Decimal Classification     GRACE BIBLE COLLEGE GRACE BIBLE COLLEGE Biblical Studies 2018-01-22 2 227.8307 LEG 001941 2025-05-01 2023-10-16 c.1 2018-01-22 Books
    Dewey Decimal Classification     GRACE BIBLE COLLEGE GRACE BIBLE COLLEGE Biblical Studies 2018-01-22 2 227.8307 LEG 008912 2025-05-01 2024-08-12 c.2 2018-01-22 Books
© Grace Bible College Library 2025